Statistics for Game of Thrones- Nights Watch Vows

Click here to take the quiz!

General Stats

  • This quiz has been taken 758 times
  • The average score is 13 of 18

Answer Stats

HintAnswer% Correct
now my _____ beginswatch
99%
father no _______children
94%
I shall take no ____wife
90%
I shall ____ and die at my postlive
87%
I am the _______ on the wallswatcher
87%
until my _____death
86%
It shall not ___end
82%
and all the ______ to come.nights
80%
for this ______night
79%
hold no _____lands
75%
to the ______ _____Nights Watch
74%
that guards the ______ of menrealms
71%
I am the _____ in the darknesssword
63%
I am the ______shield
60%
and win no _____glory
55%
Night _______ andgathers
52%
I ______ my life and honorpledge
52%
I shall wear no ______crowns
47%

Score Distribution

Percentile by Number Answered

Percent of People with Each Score

Your Score History

You have not taken this quiz